Central Library and Information Centre
Sibsagar Girls' College, Sivasagar : Assam

A REMEDIAL COURSE IN ENGLISH FOR COLLEGE BOOK 2 (Record no. 7889)

MARC details
000 -LEADER
fixed length control field 00481cam a2200181ua 4500
008 - FIXED-LENGTH DATA ELEMENTS--GENERAL INFORMATION
fixed length control field 160705n II |||gr||||Z||||||eng
040 ## - CATALOGING SOURCE
Original cataloging agency MAIN
041 ## - LANGUAGE CODE
-- English
082 ## - DEWEY DECIMAL CLASSIFICATION NUMBER
Classification number 820 DAS
100 ## - MAIN ENTRY--PERSONAL NAME
Personal name DAS, B.K .,
Relator term AUTHOR.,
245 ## - TITLE STATEMENT
Title A REMEDIAL COURSE IN ENGLISH FOR COLLEGE BOOK 2
260 ## - PUBLICATION, DISTRIBUTION, ETC.
Place of publication, distribution, etc. NEW DELHI:
Name of publisher, distributor, etc. OXFORD UNIVERSITY PRESS,
Date of publication, distribution, etc. 1981.
300 ## - PHYSICAL DESCRIPTION
Extent 150.
700 ## - ADDED ENTRY--PERSONAL NAME
Personal name DAVID , A .,
Relator term AUTHOR.,
942 ## - ADDED ENTRY ELEMENTS (KOHA)
Koha item type Books
653 ## - INDEX TERM--UNCONTROLLED
Uncontrolled term English.& Old English literatures
Holdings
Withdrawn status Lost status Damaged status Not for loan Collection code Home library Current library Shelving location Date acquired Full call number Barcode Date last seen Copy number Price effective from Koha item type Public note Source of classification or shelving scheme
        TBENG Central Library and Information Centre Sibsagar Girls College Central Library and Information Centre Sibsagar Girls College ENGLISH BOOK RACK 20.04.1983 820 DAS 07027 27.02.2020 1 27.02.2020 Books V  
        TBENG Central Library and Information Centre Sibsagar Girls College Central Library and Information Centre Sibsagar Girls College ENGLISH BOOK RACK 20.04.1983 820 DAS 07028 27.02.2020 2 27.02.2020 Books V Dewey Decimal Classification
        TBENG Central Library and Information Centre Sibsagar Girls College Central Library and Information Centre Sibsagar Girls College ENGLISH BOOK RACK 20.04.1983 820 DAS 07029 27.02.2020 3 27.02.2020 Books V  


Sibsagar Girl's College © 2020. All rights reserved.
Powered by Koha.
Maintained by Abhijit Borpuzari.